[Event "28th Czech Open A 2017"]
[Site "Pardubice CZE"]
[Date "2017.07.25"]
[Round "5.97"]
[White "Hacker, Jonas"]
[Black "Pranav, Anand"]
[Result "1-0"]
[WhiteTitle "FM"]
[WhiteElo "2297"]
[BlackElo "2098"]
[WhiteFideId "1270968"]
[BlackFideId "46626786"]
[EventDate "2017.07.21"]

1. e4 e5 2. Nf3 Nc6 3. Bb5 a6 4. Ba4 Nf6 5. O-O Be7 6. Re1 b5 7. Bb3 d6 8. c3
O-O 9. d4 Bg4 10. Be3 exd4 11. cxd4 d5 12. e5 Ne4 13. h3 Bh5 14. g4 Bg6 15. Nfd2
Bb4 16. a3 Ba5 17. Ba2 Bb6 18. Nf1 Ng5 19. Nc3 Nxd4 20. Bxd5 Bc2 21. Bxg5 Qxg5
22. Qd2 Qxd2 23. Nxd2 Rad8 24. Rac1 Rfe8 25. Kg2 Bg6 26. Nf3 Ne6 27. Kg3 Nc5 28.
Rcd1 Nd3 29. Re2 Kf8 30. Bc6 Re6 31. Bd5 Re7 32. Bc6 Re6 33. Be4 Bxe4 34. Nxe4
Re7 35. Red2 Red7 36. e6 fxe6 37. Nfg5 Ke7 38. Nxh7 Rd4 39. Re2 Nxb2 40. Rb1 Nc4
41. Nhg5 Rd3+ 42. Kg2 Nxa3 43. Rbe1 Rd1 44. Rxd1 Rxd1 45. Nxe6 Rc1 46. Nxg7 b4
47. Nf5+ Kd7 48. g5 Bc5 49. Nf6+ Kc6 50. g6 Bf8 51. Nd4+ Kb7 52. Ne6 Bh6 53. Ng4
Bg7 54. Nxg7 Nc2 55. Ne6 Ne1+ 56. Rxe1 Rxe1 57. g7 b3 58. Nc5+ Kc6 59. Nxb3 Re8
60. Nf6 1-0

[Event "28th Czech Open A 2017"]
[Site "Pardubice CZE"]
[Date "2017.07.25"]
[Round "5.98"]
[White "Volotovsky, Kirill"]
[Black "Hoeglauer, Patrick"]
[Result "0-1"]
[BlackTitle "FM"]
[WhiteElo "2136"]
[BlackElo "2291"]
[WhiteFideId "14151634"]
[BlackFideId "1270548"]
[EventDate "2017.07.21"]

1. e4 e5 2. f4 exf4 3. Nf3 d5 4. exd5 Nf6 5. Bb5+ c6 6. dxc6 Nxc6 7. d4 Bd6 8.
O-O O-O 9. Nbd2 Bg4 10. c3 Re8 11. Bd3 Qd7 12. Qc2 Rac8 13. Nc4 Bb8 14. Nce5
Bxe5 15. Nxe5 Nxe5 16. dxe5 Rxe5 17. Bxf4 Rd5 18. Be2 Bxe2 19. Qxe2 Re8 20. Qc4
Re4 21. Qb3 b6 22. Rae1 Qe6 23. Bg3 h6 24. Qc2 Rf5 25. Rxf5 Qxf5 26. Rf1 Qe6 27.
Qb3 Qc6 28. Qd1 Qb5 29. Qb3 Qc5+ 30. Bf2 Qe7 31. Bd4 Re2 32. Qc4 Qe4 33. Rf2
Qb1+ 34. Rf1 Qxb2 35. Qc8+ Ne8 36. Qb7 Qxa2 37. h3 a5 38. Bxb6 a4 39. Qc6 a3 40.
c4 Qb2 41. Qb7 Nf6 42. Qc8+ Re8 43. Qc6 a2 44. Rxf6 a1=Q+ 45. Rf1 Qa8 0-1

[Event "28th Czech Open A 2017"]
[Site "Pardubice CZE"]
[Date "2017.07.25"]
[Round "5.99"]
[White "Tsvetkov, Andrey"]
[Black "Goluch, Piotr"]
[Result "1/2-1/2"]
[WhiteTitle "CM"]
[BlackTitle "FM"]
[WhiteElo "2129"]
[BlackElo "2288"]
[WhiteFideId "34139360"]
[BlackFideId "1137840"]
[EventDate "2017.07.21"]

1. d4 Nf6 2. c4 d6 3. Nf3 Bf5 4. Nc3 g6 5. g3 Bg7 6. Bg2 O-O 7. Nh4 Bc8 8. O-O
Nc6 9. d5 Na5 10. Qd3 Nd7 11. b3 c5 12. dxc6 Nxc6 13. Bb2 Nc5 14. Qd2 Qa5 15.
Rfd1 Be6 16. Nd5 Qxd2 17. Rxd2 Bxb2 18. Rxb2 Bxd5 19. Bxd5 a5 20. Rd1 Ra6 21.
Ng2 Rb6 22. Ne3 a4 23. Bxc6 bxc6 24. b4 a3 25. Rbb1 Rfb8 26. Nc2 Na6 27. Rb3
Nxb4 28. Rdb1 c5 29. Kf1 Kg7 30. Nxa3 Ra8 31. Nc2 Rxa2 32. Nxb4 Rxb4 33. Rxb4
cxb4 34. Rxb4 g5 35. h3 h5 36. g4 h4 37. e3 Rc2 38. Kg2 Kf6 39. Kf3 Ke6 40. Ra4
f6 41. Kg2 Rb2 42. Kf3 Kd7 43. Ra7+ Kd8 44. Ra8+ Kc7 45. Ra7+ Kd8 46. Ra8+ Kd7
47. Ra7+ Ke6 48. Ra4 Rc2 49. Kg2 Rc1 50. Kf3 Kf7 51. Rb4 Rg1 52. Rb5 e5 53. Rb7+
Ke6 54. Rc7 Rc1 55. Kg2 e4 56. Rc8 Kd7 57. Rf8 Ke7 58. Rc8 Rc2 59. Kg1 Rc3 60.
Kg2 Rc1 61. Rc7+ Ke6 62. Rc8 Kd7 63. Rf8 Ke7 64. Rc8 Ra1 65. Rc7+ Ke6 66. Rc8
Kd7 67. Rf8 Ke7 68. Rh8 Rc1 69. Rh7+ Ke6 70. Rc7 Rc2 71. Kg1 Rc3 72. Kg2 Rc1 73.
Rc8 Kd7 74. Rf8 Ke7 75. Rc8 d5 76. c5 Rc2 77. Kg1 Kd7 78. Rf8 Ke6 79. Rc8 Rc1+
80. Kg2 1/2-1/2

[Event "28th Czech Open A 2017"]
[Site "Pardubice CZE"]
[Date "2017.07.25"]
[Round "5.100"]
[White "Nitish, Belurkar"]
[Black "Kalodoukas, Odysseas"]
[Result "1-0"]
[WhiteTitle "FM"]
[WhiteElo "2283"]
[BlackElo "2069"]
[WhiteFideId "5084768"]
[BlackFideId "4266110"]
[EventDate "2017.07.21"]

1. e4 c6 2. d4 d5 3. f3 Qb6 4. Nc3 e6 5. a3 Nf6 6. Be3 Nbd7 7. Nge2 dxe4 8. fxe4
e5 9. Qd2 Qc7 10. O-O-O Bd6 11. Ng3 O-O 12. d5 Bc5 13. Nf5 Bxe3 14. Qxe3 Nb6 15.
d6 Qd8 16. Ne7+ Kh8 17. Qg5 Bg4 18. Rd2 Nbd7 19. Bc4 Be6 20. Bxe6 fxe6 21. Qh4
Qe8 22. Qh3 Nc5 23. Rf1 Qh5 24. Rxf6 1-0

[Event "28th Czech Open A 2017"]
[Site "Pardubice CZE"]
[Date "2017.07.25"]
[Round "5.101"]
[White "Jazdanovs, Aleksandrs"]
[Black "Pajeken, Wolfgang"]
[Result "1/2-1/2"]
[BlackTitle "FM"]
[WhiteElo "2066"]
[BlackElo "2274"]
[WhiteFideId "11604492"]
[BlackFideId "4622170"]
[EventDate "2017.07.21"]

1. e4 e5 2. Nf3 Nc6 3. Bb5 g6 4. O-O Bg7 5. c3 a6 6. Ba4 Nge7 7. d4 exd4 8. cxd4
O-O 9. d5 b5 10. dxc6 bxa4 11. Qxa4 Nxc6 12. Bg5 f6 13. Bf4 Rb8 14. Nc3 Ne5 15.
Nxe5 fxe5 16. Be3 Rxb2 17. Qc4+ Kh8 18. Rab1 Rxb1 19. Rxb1 c6 20. Rd1 Qf6 21.
Na4 d5 22. exd5 cxd5 23. Qxd5 Qf7 24. Bc5 Qxd5 1/2-1/2

[Event "28th Czech Open A 2017"]
[Site "Pardubice CZE"]
[Date "2017.07.25"]
[Round "5.102"]
[White "Karas, Marek"]
[Black "Patil, Mitali Madhukar"]
[Result "1-0"]
[WhiteTitle "FM"]
[BlackTitle "WFM"]
[WhiteElo "2273"]
[BlackElo "1928"]
[WhiteFideId "14928558"]
[BlackFideId "5021391"]
[EventDate "2017.07.21"]

1. Nf3 d5 2. d4 Nf6 3. Bf4 c5 4. e3 Bg4 5. dxc5 Nc6 6. Bb5 Qa5+ 7. Nc3 e6 8. a3
Ne4 9. b4 Nxc3 10. Bxc6+ bxc6 11. Qd3 Qb5 12. Qxc3 Bxf3 13. gxf3 a5 14. Kd2 f6
15. Bc7 a4 16. Qd3 Be7 17. Qxb5 cxb5 18. Bg3 h5 19. h4 g5 20. c3 O-O-O 21. Kc2
g4 22. fxg4 hxg4 23. Rae1 f5 24. h5 Bg5 25. Be5 Rh7 26. Kd3 Kd7 27. Reg1 Bh6 28.
Kd4 Rf8 29. Rh2 Rff7 30. Kd3 Rf8 31. Ke2 Rg8 32. Rgg2 Rf8 33. f3 gxf3+ 34. Kxf3
Rff7 35. Rg6 Re7 36. Rg8 Re8 37. c6+ Ke7 38. Rhg2 Bf8 39. Bg7 Bxg7 40. R8xg7+
Rxg7 41. Rxg7+ Kd6 42. c7 Ke5 43. h6 Kf6 44. Rd7 Rc8 45. h7 Kg6 46. Rd8 1-0

[Event "28th Czech Open A 2017"]
[Site "Pardubice CZE"]
[Date "2017.07.25"]
[Round "5.103"]
[White "Simet, Martin"]
[Black "Lugovskoy, Maxim"]
[Result "0-1"]
[BlackTitle "GM"]
[WhiteElo "2210"]
[BlackElo "2453"]
[WhiteFideId "377244"]
[BlackFideId "24126454"]
[EventDate "2017.07.21"]

1. d4 e6 2. Bf4 Nf6 3. Nf3 d5 4. e3 c5 5. c3 Nc6 6. Nbd2 Bd6 7. Bg3 Qe7 8. Ne5
Nd7 9. Qa4 Bxe5 10. dxe5 c4 11. Be2 Qc5 12. Nf3 Qb6 13. Qc2 Nc5 14. Rb1 Bd7 15.
O-O h6 16. Nd4 Ne4 17. f4 Qa5 18. Bf3 Nxg3 19. hxg3 h5 20. Kf2 g6 21. Rh1 Nxd4
22. exd4 O-O-O 23. b4 cxb3 24. axb3 Kb8 25. c4 Qb4 26. Ke3 b6 27. Rhc1 Rc8 28.
Qd2 Qxd2+ 29. Kxd2 Bc6 30. c5 h4 31. gxh4 Rxh4 32. Ke3 Kb7 33. b4 Bb5 34. Rh1
Rch8 35. Rxh4 Rxh4 36. Ra1 Rh8 37. g4 a5 38. bxa5 bxc5 39. dxc5 Kc6 40. a6 Kxc5
41. a7 Ra8 42. f5 g5 43. f6 Bc6 44. Kd3 Bb5+ 45. Ke3 Bc4 46. Ra5+ Kb6 47. Ra1
Rxa7 48. Rxa7 Kxa7 49. Bd1 Kb6 50. Bc2 Kc5 51. Bg6 d4+ 52. Ke4 d3 53. Ke3 Kd5
54. Bxf7 Kxe5 55. Be8 Kxf6 56. Bc6 Ke5 57. Bf3 Bd5 58. Bd1 Be4 59. Bb3 Bg6 60.
Bd1 Kd6 61. Kd4 e5+ 62. Kc4 Kc6 63. Ba4+ Kb6 64. Bd1 Ka5 65. Kd5 e4 66. Kd4 Kb4
67. Ke3 Kc4 68. Ba4 Kd5 69. Bb3+ Ke5 70. Bd1 Be8 71. Bb3 Bd7 72. Bd1 Bc8 0-1

[Event "28th Czech Open A 2017"]
[Site "Pardubice CZE"]
[Date "2017.07.25"]
[Round "5.104"]
[White "Koscielski, Janusz"]
[Black "Bibik, Jura"]
[Result "1/2-1/2"]
[WhiteTitle "FM"]
[BlackTitle "IM"]
[WhiteElo "2354"]
[BlackElo "2208"]
[WhiteFideId "4614437"]
[BlackFideId "4113071"]
[EventDate "2017.07.21"]

1. e4 e5 2. Nf3 Nc6 3. Nc3 Nf6 4. Bb5 Bb4 5. O-O O-O 6. d3 d6 7. Bg5 Bxc3 8.
bxc3 Ne7 9. Bc4 Ng6 10. Nh4 Nxh4 11. Bxh4 h6 12. Bxf6 Qxf6 13. Qd2 Be6 14. Bb3
g5 15. f3 a5 16. a3 Kh7 17. Rf2 b6 18. Raf1 Bxb3 19. cxb3 Qe6 20. Qc2 Kg7 21. d4
Rad8 22. Rd2 Rd7 23. dxe5 dxe5 24. Rxd7 Qxd7 25. Rd1 Qe7 26. b4 Rd8 27. Rd5 c6
28. Rd2 Rd6 29. Qd1 Rxd2 30. Qxd2 Qe6 31. bxa5 bxa5 32. Qd8 Qb3 33. Qxa5 Qd1+
34. Kf2 Qd2+ 35. Kf1 Qd1+ 36. Kf2 1/2-1/2

[Event "28th Czech Open A 2017"]
[Site "Pardubice CZE"]
[Date "2017.07.25"]
[Round "5.105"]
[White "Lyell, Mark"]
[Black "Sabol, Marian"]
[Result "0-1"]
[WhiteTitle "FM"]
[BlackTitle "FM"]
[WhiteElo "2204"]
[BlackElo "2354"]
[WhiteFideId "402354"]
[BlackFideId "308056"]
[EventDate "2017.07.21"]

1. e4 c5 2. Nc3 Nc6 3. f4 g6 4. Nf3 Bg7 5. Bb5 Nd4 6. O-O Nxb5 7. Nxb5 a6 8. Nc3
b5 9. d3 b4 10. Ne2 d6 11. Qe1 e6 12. f5 e5 13. g4 f6 14. Ng3 g5 15. a3 b3 16.
cxb3 Ne7 17. Nxg5 fxg5 18. Bxg5 h6 19. Bh4 Qd7 20. Nh5 Ng8 21. h3 Qf7 22. f6 Bf8
23. Qa5 Rh7 24. b4 Be6 25. bxc5 dxc5 26. Rac1 Qd7 27. Rc3 Rf7 28. Rf2 Bxg4 29.
hxg4 Qxg4+ 30. Rg2 Qd1+ 31. Kf2 Qxh5 32. Qa4+ Rd7 33. Rxg8 Qxh4+ 34. Kg2 Qxf6
35. Rxc5 Qe6 36. Rh8 Qg6+ 37. Kh1 Qf6 38. Rxf8+ Kxf8 39. Qxd7 Qf1+ 40. Kh2 Qf2+
41. Kh3 Qxc5 42. Qf5+ Kg7 43. Qd7+ Kh8 0-1

[Event "28th Czech Open A 2017"]
[Site "Pardubice CZE"]
[Date "2017.07.25"]
[Round "5.106"]
[White "Nyysti, Sampsa"]
[Black "Volodin, Viktor"]
[Result "1-0"]
[WhiteTitle "IM"]
[BlackTitle "IM"]
[WhiteElo "2344"]
[BlackElo "2187"]
[WhiteFideId "502138"]
[BlackFideId "4108701"]
[EventDate "2017.07.21"]

1. e4 c5 2. Nf3 Nc6 3. Bb5 g6 4. O-O Bg7 5. c3 e5 6. d4 exd4 7. cxd4 Nxd4 8.
Nxd4 cxd4 9. Bf4 Ne7 10. Na3 O-O 11. Bd6 Re8 12. Bc4 Nc6 13. f4 a6 14. f5 Ne5
15. fxg6 hxg6 16. Bd5 Qg5 17. Nc4 Nxc4 18. Bxc4 Rxe4 19. Rxf7 Qe3+ 20. Kh1 b5
21. Bd5 Re6 22. Qf1 Rxd6 23. Rxd7+ Kh7 24. Rxd6 Ra7 25. Re1 Qg5 26. Be4 Bf5 27.
Bxf5 gxf5 28. Rd5 Rf7 29. Qf2 Qg4 30. h3 Qg5 31. Rf1 Kg6 32. Rd6+ Kh7 33. Rxa6
Rd7 34. Ra3 d3 35. Rd1 d2 36. Rg3 Qd8 37. Qxf5+ Kh8 38. Qh5+ Kg8 39. Qxb5 Qe7
40. Qb3+ Kh8 41. Re3 Qd6 42. Re8+ Bf8 43. Rxd2 1-0

[Event "28th Czech Open A 2017"]
[Site "Pardubice CZE"]
[Date "2017.07.25"]
[Round "5.107"]
[White "Sazonova, Anastasia"]
[Black "Strebkovs, Andrejs"]
[Result "1/2-1/2"]
[WhiteTitle "WFM"]
[BlackTitle "IM"]
[WhiteElo "2186"]
[BlackElo "2321"]
[WhiteFideId "24131008"]
[BlackFideId "11601310"]
[EventDate "2017.07.21"]

1. d4 g6 2. Nf3 Bg7 3. g3 d6 4. Bg2 Nd7 5. O-O e5 6. e4 Ngf6 7. Nc3 O-O 8. h3 c6
9. a4 a5 10. Be3 Re8 11. Re1 exd4 12. Bxd4 Qc7 13. Qd2 Ne5 14. Nh2 b6 15. Rad1
Ba6 16. f4 Ned7 17. Bxf6 Nxf6 18. Qxd6 Qa7 19. e5 Nh5 20. Ne4 Bf8 21. Qd7 Bb7
22. Ng4 Re7 23. Ngf6+ Nxf6 24. Nxf6+ Kg7 25. Qg4 b5+ 26. Kh2 bxa4 27. Qh4 h6 28.
Ng4 h5 29. Qf6+ Kh7 30. Ne3 Ba6 31. g4 Re6 32. Qh4 Be7 33. Qg3 h4 34. Qf3 Bc5
35. Qf2 Kg8 36. g5 Qb6 37. c3 Rb8 38. Rd2 Ree8 39. Qf3 Bxe3 40. Qxe3 Qxe3 41.
Rxe3 Rb6 42. Re4 Reb8 43. Rxa4 Rxb2 44. Rxb2 Rxb2 45. Kg1 Rb1+ 46. Kf2 Rb2+ 47.
Kg1 Rb1+ 1/2-1/2

[Event "28th Czech Open A 2017"]
[Site "Pardubice CZE"]
[Date "2017.07.25"]
[Round "5.108"]
[White "Hollan, Petr"]
[Black "Krasnokutskaya, Sofiya"]
[Result "1/2-1/2"]
[WhiteTitle "FM"]
[WhiteElo "2317"]
[BlackElo "2177"]
[WhiteFideId "360945"]
[BlackFideId "14150735"]
[EventDate "2017.07.21"]

1. c4 Nf6 2. Nc3 e6 3. Nf3 b6 4. e4 d6 5. d4 Be7 6. Qc2 Bb7 7. Be2 O-O 8. O-O c5
9. dxc5 bxc5 10. Rd1 Qc8 11. Bf4 Qc6 12. Bd3 Nbd7 13. Qe2 a6 14. Bc2 Qb6 15.
Rab1 Rfd8 16. a3 Nf8 17. b4 Bc6 18. Be3 Qc7 19. h3 cxb4 20. axb4 Rac8 21. Bd3
Ng6 22. b5 axb5 23. cxb5 Bb7 24. Rdc1 Qd7 25. Na4 Rxc1+ 26. Bxc1 Ne5 27. Nxe5
dxe5 28. Nb2 Ba3 29. Bc2 Rc8 30. Nc4 Bxc1 31. Nb6 Qc7 32. Nxc8 Ba3 33. Na7 Bc5
34. Nc6 Bxc6 35. bxc6 Qxc6 36. Rb8+ Bf8 37. Qd1 Qc7 38. Rd8 g6 39. Ra8 Kg7 40.
Qd8 Qc5 41. Rc8 Qa3 42. g3 h5 43. Kg2 Qb4 44. Rb8 Qc5 45. Bd3 Qa3 46. Ra8 Qb4
47. Qa5 Qd4 48. Qd8 Qb4 49. Rc8 Qa3 50. Rb8 Qc5 51. Rb7 Bd6 52. Qb6 Qd4 53. Qxd4
exd4 54. f4 Ba3 55. Kf3 Kf8 56. Bc4 Be7 57. e5 Ng8 58. Rc7 Nh6 59. g4 hxg4+ 60.
hxg4 Bb4 61. Be2 Kg7 62. Ke4 Bc3 63. Kf3 Bb4 64. Bd3 Kf8 65. Rc8+ Kg7 66. Bc4
Bc3 67. Rd8 Bb2 68. Bb5 Bc3 69. Rb8 Bb4 70. Bd3 Bc3 71. Rd8 Bb2 72. Kg3 Bc3 73.
Kh3 Ng8 74. Rd7 Kf8 75. f5 gxf5 76. gxf5 exf5 77. Bxf5 d3 78. e6 fxe6 79. Bxe6
d2 80. Bb3 Nf6 81. Rc7 Be5 82. Rc5 Bd6 83. Rf5 Ke7 84. Kg2 Bb4 85. Kf3 Nd7 86.
Ke2 Nc5 87. Rf4 Nxb3 88. Rxb4 Nc5 89. Kxd2 Kd6 90. Ke3 Ne6 91. Rb5 Ke7 92. Ke4
Kf6 93. Ra5 Ng5+ 94. Kd4 Ne6+ 95. Kd5 Kf5 96. Kd6+ Kf6 97. Ra1 Kf5 98. Re1 Nf4
99. Re7 Kg4 100. Rf7 Ng6 101. Kd5 Nf4+ 102. Ke4 Ne6 103. Rf6 Ng5+ 104. Ke3 Kh4
105. Kf4 Nh3+ 106. Ke3 Ng5 107. Rd6 Kg4 108. Rf6 Kh4 1/2-1/2

[Event "28th Czech Open A 2017"]
[Site "Pardubice CZE"]
[Date "2017.07.25"]
[Round "5.109"]
[White "Richterova, Natasa"]
[Black "Zarubitski, Viachaslau"]
[Result "0-1"]
[WhiteTitle "WIM"]
[BlackTitle "FM"]
[WhiteElo "2184"]
[BlackElo "2314"]
[WhiteFideId "350591"]
[BlackFideId "13509373"]
[EventDate "2017.07.21"]

1. Nf3 d5 2. g3 Nf6 3. Bg2 Bf5 4. d3 h6 5. Nbd2 e6 6. c3 c5 7. O-O Nc6 8. Re1
Be7 9. Qb3 Qc7 10. e4 Bh7 11. a3 O-O 12. h3 Rfe8 13. Qc2 Rad8 14. b3 b5 15. Nh2
Rd7 16. Ng4 Red8 17. Nxf6+ Bxf6 18. Ra2 dxe4 19. dxe4 Ne5 20. Nf1 Nd3 21. Re3
Nxc1 22. Qxc1 c4 23. b4 Rd1 24. Qc2 R1d3 25. Bf3 Bxc3 26. Rxd3 cxd3 27. Qb3 Qc4
28. Qb1 Bxe4 29. Ne3 Bxf3 30. Nxc4 bxc4 31. g4 d2 32. Rxd2 Rxd2 0-1

[Event "28th Czech Open A 2017"]
[Site "Pardubice CZE"]
[Date "2017.07.25"]
[Round "5.110"]
[White "Podvin, Francois-xavier"]
[Black "Holtman, Teodor"]
[Result "0-1"]
[BlackTitle "FM"]
[WhiteElo "2180"]
[BlackElo "2306"]
[WhiteFideId "677540"]
[BlackFideId "14933721"]
[EventDate "2017.07.21"]

1. e4 c5 2. Nf3 Nc6 3. d4 cxd4 4. Nxd4 Nf6 5. Nc3 e5 6. Ndb5 d6 7. Bg5 a6 8. Na3
b5 9. Nd5 Be7 10. Bxf6 Bxf6 11. c3 Bg5 12. Nc2 Rb8 13. a4 bxa4 14. Ncb4 Bd7 15.
Bxa6 Nxb4 16. cxb4 O-O 17. O-O f5 18. exf5 Rxf5 19. b5 Bxb5 20. Bxb5 Rxb5 21. h4
Bxh4 22. Rxa4 Rxb2 23. Ne3 Rfxf2 24. Qd5+ Kf8 25. Ra8 Rxf1+ 26. Nxf1 Rb8 27. Ra3
Qb6+ 28. Kh2 Bf6 29. Qe4 Qb4 30. Qxh7 Qh4+ 31. Qxh4 Bxh4 32. Ne3 Bf2 33. Nf5 Bc5
34. Rf3 e4 35. Rf4 d5 36. Nd6+ Ke7 37. Nxe4 Rb4 38. Nc3 Ke6 39. Rxb4 Bxb4 40.
Nd1 Ke5 41. Kg3 Ke4 42. Nf2+ Ke3 43. Ng4+ Ke2 44. Kf4 Bd6+ 45. Kf5 d4 0-1

[Event "28th Czech Open A 2017"]
[Site "Pardubice CZE"]
[Date "2017.07.26"]
[Round "6.1"]
[White "Gupta, Abhijeet"]
[Black "Stocek, Jiri"]
[Result "1/2-1/2"]
[WhiteTitle "GM"]
[BlackTitle "GM"]
[WhiteElo "2625"]
[BlackElo "2590"]
[WhiteFideId "5010608"]
[BlackFideId "304760"]
[EventDate "2017.07.21"]

1. d4 Nf6 2. c4 e6 3. Nf3 b6 4. a3 Bb7 5. Nc3 d5 6. cxd5 Nxd5 7. Qc2 Nxc3 8.
bxc3 c5 9. e4 Nd7 10. Bf4 cxd4 11. cxd4 Rc8 12. Qa4 a6 13. Bd3 Be7 14. O-O O-O
15. Qb3 b5 16. Bd2 e5 17. Nxe5 Nxe5 18. dxe5 Qd4 19. Rad1 Bxe4 20. Bb4 Bxb4 21.
Qxb4 Rfd8 22. Qxd4 Rxd4 23. Bxe4 Rxe4 24. Rd6 Rxe5 1/2-1/2

[Event "28th Czech Open A 2017"]
[Site "Pardubice CZE"]
[Date "2017.07.26"]
[Round "6.2"]
[White "Tilicheev, Viacheslav"]
[Black "Gopal, G.N."]
[Result "1/2-1/2"]
[WhiteTitle "FM"]
[BlackTitle "GM"]
[WhiteElo "2497"]
[BlackElo "2580"]
[WhiteFideId "24114928"]
[BlackFideId "5015693"]
[EventDate "2017.07.21"]

1. d4 Nf6 2. c4 g6 3. Nc3 d5 4. cxd5 Nxd5 5. e4 Nxc3 6. bxc3 Bg7 7. Qa4+ Qd7 8.
Bb5 c6 9. Be2 O-O 10. Qa3 b6 11. Nf3 Bb7 12. O-O c5 13. d5 e6 14. Be3 exd5 15.
Rad1 Qd6 16. exd5 Nd7 17. c4 Rfe8 18. Nd4 a6 19. Nc6 Ne5 20. Qb3 Nxc6 21. dxc6
Qxc6 22. Bf3 Qc7 23. Bxb7 Qxb7 24. Bxc5 b5 25. cxb5 Qxb5 26. Qxb5 axb5 27. Rb1
Re5 28. Bd4 Rd5 29. Bxg7 Kxg7 30. Rb2 h5 31. h4 Ra4 32. g3 Rd7 33. Rfb1 Rda7 34.
Rxb5 Rxa2 35. R5b2 Rxb2 36. Rxb2 Rd7 1/2-1/2

[Event "28th Czech Open A 2017"]
[Site "Pardubice CZE"]
[Date "2017.07.26"]
[Round "6.3"]
[White "Pavlov, Sergey2"]
[Black "Lalith, Babu M R"]
[Result "0-1"]
[WhiteTitle "IM"]
[BlackTitle "GM"]
[WhiteElo "2467"]
[BlackElo "2530"]
[WhiteFideId "14114330"]
[BlackFideId "5024595"]
[EventDate "2017.07.21"]

1. Nf3 g6 2. c4 Bg7 3. d4 d6 4. Nc3 Nd7 5. g3 e5 6. Bg2 Ne7 7. O-O O-O 8. dxe5
dxe5 9. Qc2 Nf5 10. Rd1 Nd4 11. Nxd4 exd4 12. Nb5 c5 13. Nd6 Qb6 14. Bf4 Be5 15.
Nxc8 Raxc8 16. Bh6 Rfe8 17. Rd3 Rc7 18. Rb3 Qf6 19. Bd5 Nb6 20. Rf3 Qd6 21. Be4
Rce7 22. Bg5 Re6 23. Bxb7 Bg7 24. e4 Qd7 25. Ba6 Rxe4 26. Bb5 Qg4 27. Bxe8 Rxe8
28. Ra3 Qxg5 29. Rxa7 Qg4 30. Rf1 Rd8 31. Qb3 Nd7 32. Qb7 Bf6 33. b4 d3 34. Ra8
Rxa8 35. Qxa8+ Kg7 36. Qd5 Bd4 37. Kg2 Nb6 38. Qf3 Qxf3+ 39. Kxf3 Nxc4 40. Rh1
Nb2 41. bxc5 Bxc5 0-1

[Event "28th Czech Open A 2017"]
[Site "Pardubice CZE"]
[Date "2017.07.26"]
[Round "6.4"]
[White "Babula, Vlastimil"]
[Black "Westerberg, Jonathan"]
[Result "1/2-1/2"]
[WhiteTitle "GM"]
[BlackTitle "IM"]
[WhiteElo "2551"]
[BlackElo "2469"]
[WhiteFideId "301264"]
[BlackFideId "1701754"]
[EventDate "2017.07.21"]

1. d4 d5 2. Bf4 Bf5 3. e3 e6 4. Nf3 Bd6 5. Bg3 Nf6 6. Nbd2 O-O 7. c3 c5 8. Be2
h6 9. O-O Bxg3 10. hxg3 Qb6 11. dxc5 Qxc5 12. Nd4 1/2-1/2

[Event "28th Czech Open A 2017"]
[Site "Pardubice CZE"]
[Date "2017.07.26"]
[Round "6.5"]
[White "Ladva, Ottomar"]
[Black "Drozdowski, Kacper"]
[Result "1/2-1/2"]
[WhiteTitle "GM"]
[BlackTitle "IM"]
[WhiteElo "2531"]
[BlackElo "2461"]
[WhiteFideId "4500024"]
[BlackFideId "1136720"]
[EventDate "2017.07.21"]

1. Nf3 d5 2. c4 c6 3. g3 Bg4 4. Qb3 Bxf3 5. Qxf3 Nf6 6. Qb3 Qb6 7. Qxb6 axb6 8.
cxd5 Nxd5 9. Nc3 e6 10. Bg2 b5 11. O-O Nd7 12. e4 Nb4 13. d4 Nc2 14. Rb1 Nxd4
15. Rd1 e5 16. Be3 Bc5 17. b4 Bb6 18. Bh3 Nf6 19. Kf1 Bc7 20. Rbc1 O-O 21. Bxd4
exd4 22. Nxb5 Bb6 23. Nd6 Rxa2 24. Ra1 Rxa1 25. Rxa1 Bc7 26. Nxb7 Nxe4 27. Bd7
Nc3 28. Bxc6 f5 29. Nc5 Rb8 30. b5 Bd6 31. Nd7 Rc8 32. Ra6 Kf7 33. Ke1 Ke7 34.
Kd2 Ne4+ 35. Kd3 Rc7 36. f3 Nc5+ 37. Nxc5 Bxc5 38. Kc4 Kd6 39. Ba8+ Ke7 40. Bc6
Kd6 41. Ba8+ Ke7 42. Bd5 Ba7+ 43. Kd3 Rc3+ 44. Kd2 Bb8 45. Ra8 Bc7 46. Ra4 Kd6
47. Rxd4 Kc5 48. Ra4 Kxb5 49. Ra7 Rc5 50. Bg8 1/2-1/2

[Event "28th Czech Open A 2017"]
[Site "Pardubice CZE"]
[Date "2017.07.26"]
[Round "6.6"]
[White "Plat, Vojtech"]
[Black "Noe, Christopher"]
[Result "1/2-1/2"]
[WhiteTitle "IM"]
[BlackTitle "IM"]
[WhiteElo "2531"]
[BlackElo "2451"]
[WhiteFideId "325740"]
[BlackFideId "24692018"]
[EventDate "2017.07.21"]

1. Nf3 d5 2. d4 c5 3. dxc5 e6 4. e4 Bxc5 5. Nc3 Nf6 6. exd5 exd5 7. Bb5+ Nc6 8.
Qe2+ Qe7 9. Qxe7+ Kxe7 10. Bg5 Be6 11. O-O-O Rhd8 12. Rhe1 Kf8 13. Bxc6 bxc6 14.
Nd4 Bd7 15. Be3 Bb4 16. Nb3 Bxc3 17. Bc5+ Kg8 18. bxc3 Re8 19. f3 Be6 20. Rd4
Nd7 21. Ra4 Nb6 22. Ra6 Nc4 23. Nd2 Reb8 24. Nxc4 dxc4 25. Rxc6 Rc8 26. Rxc8+
Rxc8 27. Bd4 a6 28. Re5 Kf8 29. Rh5 h6 30. Ra5 Rc6 31. Kb2 g6 32. Ka3 h5 33. Kb4
Ke7 34. Ra4 Kd7 35. h4 Kc8 36. Ka5 Bf5 37. Rb4 Bxc2 38. Ba7 Bf5 39. Rb8+ Kc7 40.
Re8 Be6 41. Bd4 Kb7 42. Re7+ Rc7 43. Rxc7+ Kxc7 44. Kxa6 Kb8 45. a4 Bf5 46. a5
Be6 47. Kb5 Kb7 48. a6+ Kb8 49. g4 hxg4 50. fxg4 Bxg4 51. a7+ Kb7 52. Kxc4 Be6+
53. Kb5 Bg4 54. c4 Be2 55. Kb4 f6 56. Be3 g5 57. Bxg5 fxg5 58. hxg5 Bd3 59. Kc3
Bb1 1/2-1/2

[Event "28th Czech Open A 2017"]
[Site "Pardubice CZE"]
[Date "2017.07.26"]
[Round "6.7"]
[White "Stefansson, Hannes"]
[Black "Cawdery, Daniel"]
[Result "1/2-1/2"]
[WhiteTitle "GM"]
[BlackTitle "IM"]
[WhiteElo "2530"]
[BlackElo "2426"]
[WhiteFideId "2300087"]
[BlackFideId "14300249"]
[EventDate "2017.07.21"]

1. e4 c5 2. Nf3 Nc6 3. Bb5 g6 4. Bxc6 dxc6 5. d3 Bg7 6. h3 Nf6 7. Nc3 Nd7 8. Be3
e5 9. O-O O-O 10. Qd2 Qe7 11. Bh6 Rd8 12. Bxg7 Kxg7 13. Nh2 c4 14. d4 Nf6 15. d5
cxd5 16. exd5 Be6 17. Qg5 Nxd5 18. Qxe5+ Qf6 19. Qxf6+ Nxf6 20. Nf3 Bf5 21. Rac1
Ne4 22. Rfe1 Nc5 23. g4 Be6 24. Rcd1 a6 25. Nd4 Kf8 26. f3 Rac8 27. Re2 Re8 28.
Nxe6+ Rxe6 29. Rxe6 Nxe6 30. Kf2 g5 31. Ne4 Rc7 32. Kg3 h6 33. h4 gxh4+ 34. Kxh4
Nf4 35. Rd8+ Ke7 36. Rb8 Ng2+ 37. Kh5 Ne1 38. f4 Nxc2 39. f5 Ne3 40. f6+ Kd7 41.
Kxh6 Nxg4+ 42. Kg7 Ne5 43. Ng5 b5 44. Rb6 Ra7 45. Ne4 Nc6 46. a4 bxa4 47. Nc5+
Kd6 48. Nxa4 Kd5 49. Nc3+ 1/2-1/2